000 00394nam a2200157Ia 4500
005 20250423100042.0
008 250422s9999 xx 000 0 und d
020 _a978- 1- 4292- 5367- 3
050 _aHB 172 .5 .M3574/
100 _aN. Gregory Mankiw
245 0 _aMacroeconomics and the financial system
260 _bWorth publishing
260 _c2011
300 _a574 p
942 _cBK
999 _c32140
_d32140